| 000 | 00568nam a22001577a 4500 | ||
|---|---|---|---|
| 008 | 150422b xxu||||| |||| 00| 0 eng d | ||
| 050 | _aBD638.K98 | ||
| 100 |
_aKwanya, Charles Odika. _917492 |
||
| 245 |
_aDebate on African concept of time: _banalysis of its missionary consequence on the pluralistic society _c/by Kwanya Charles Odira |
||
| 260 |
_aRoma _bPontificia Universtas Urbaniana _c2009 |
||
| 300 |
_axi, 178p. ; _c25cm. |
||
| 500 | _aThesis | ||
| 650 |
_aTime _xPhilosophy _917493 |
||
| 650 |
_aPhilosophy _xAfrican _917494 |
||
| 942 |
_2lcc _cMONOGRAPH |
||
| 999 |
_c122754 _d122754 |
||